000 01535pam a2200421 i 4500
001 sjds2264608
003 sjds
005 20200707111158.0
008 190712s2019 nyu d 000 1 spa
010 _a 2019029611
020 _a9781984899057
_q(paperback)
_c$11.00
020 _a1984899058
_q(paperback)
040 _csjds
041 1 _aspa
_heng
100 1 _aRivera, Lilliam,
_eauthor.
240 1 0 _aEducation of Margot Sanchez.
_lSpanish
245 1 3 _aLa educacion de Margot Sanchez /
_cLilliam Rivera ; traduccion de Eva Ibarzabal.
250 _aPrimera edicion Vintage Espanol.
260 _aNueva York :
_bVintage Espanol, una division de Penguin Random House LLC,
_c2019.
264 1 _aNueva York :
_bVintage Espanol, una division de Penguin Random House LLC,
_c2019.
300 _a272 pages ;
_c21 cm
336 _atext
_btxt
_2rdacontent
337 _aunmediated
_bn
_2rdamedia
338 _avolume
_bnc
_2rdacarrier
521 1 _a14-19
_bBrodart.
650 0 _aHispanic Americans
_vJuvenile fiction.
650 1 _aHispanic Americans
_vFiction.
650 1 _aConduct of life
_vFiction.
650 1 _aLove
_vFiction.
650 1 _aFamily life
_zNew York (State)
_zNew York
_vFiction.
650 1 _aSpanish language materials.
650 0 _aConduct of life
_vJuvenile fiction.
650 0 _aFamily life
_zNew York (State)
_zNew York
_vJuvenile fiction.
651 1 _aBronx (New York, N.Y.)
_vFiction.
651 0 _aBronx (New York, N.Y.)
_vJuvenile fiction.
655 7 _aRomance fiction.
_2lcgft
942 _cBK
999 _c24683
_d24683